Development control statistics (Record no. 104631)
[ view plain ]
| 000 -LEADER | |
|---|---|
| fixed length control field | 01312cam a2200193 4500 |
| 001 - CONTROL NUMBER | |
| control field | L131079 |
| 008 - FIXED-LENGTH DATA ELEMENTS--GENERAL INFORMATION | |
| fixed length control field | 050926n2005 000 0 eng u |
| 035 ## - SYSTEM CONTROL NUMBER | |
| System control number | (Sirsi) u131079 |
| 041 0# - LANGUAGE CODE | |
| Language code of text/sound track or separate title | eng |
| 050 04 - LIBRARY OF CONGRESS CALL NUMBER | |
| Classification number | 711.10212 $2 18 |
| 110 ## - MAIN ENTRY--CORPORATE NAME | |
| Corporate name or jurisdiction name as entry element | United Kingdom |
| Subordinate unit | Office of the Deputy Prime Minister |
| 245 ## - TITLE STATEMENT | |
| Title | Development control statistics |
| Remainder of title | England 2004/05 |
| 260 ## - PUBLICATION, DISTRIBUTION, ETC. | |
| Place of publication, distribution, etc. | London |
| Name of publisher, distributor, etc. | ODPM |
| Date of publication, distribution, etc. | 2005 |
| 520 ## - SUMMARY, ETC. | |
| Summary, etc. | This internet-only edition of "Development control statistics |
| Expansion of summary note | England" contains data at national, regional and local level on planning applications and decisions, planning appeals, enforcement action and county matters planning applications and decisions. Provides a commentary highlighting key statistics in each of the four chapter and historic data are included for comparison where appropriate. Appendices set out government office regions and specimen returns. To complement this annual publication more up-to-date information is provided by the ODPM in a regular quarterly statistical release. |
| 590 ## - LOCAL NOTE (RLIN) | |
| Local note | IKA270905 |
| 690 ## - LOCAL SUBJECT ADDED ENTRY--TOPICAL TERM (OCLC, RLIN) | |
| Topical term or geographic name as entry element | ENVIRONMENTAL AND LAND CONSULTANCY-PLANNING AND DEVELOPMENT-DEVELOPMENT CONTROL |
| 856 ## - ELECTRONIC LOCATION AND ACCESS | |
| Uniform Resource Identifier | <a href="https://webarchive.nationalarchives.gov.uk/+/http://www.communities.gov.uk/index.asp?id=1146536">https://webarchive.nationalarchives.gov.uk/+/http://www.communities.gov.uk/index.asp?id=1146536</a> |
| Public note | View the statistics free of charge at www.communities.gov.uk |
| 942 ## - ADDED ENTRY ELEMENTS (KOHA) | |
| Suppress in OPAC | 0 |
| Withdrawn status | Lost status | Source of classification or shelving scheme | Damaged status | Not for loan | Home library | Current library | Shelving location | Date acquired | Total Checkouts | Full call number | Barcode | Date last seen | Copy number | Price effective from | Koha item type |
|---|---|---|---|---|---|---|---|---|---|---|---|---|---|---|---|
| Dewey Decimal Classification | Virtual | Virtual | Online | 26/09/2005 | ONLINE PUBLICATION | 131079-2001 | 06/08/2019 | 1 | 06/08/2019 | Book |